Mistrzowie ligi greckiej od 2010 roku - Statystyki

Ogólne statystyki
  • Ten quiz został rozwiązany 116 razy
  • Średni wynik to 7 z 10
Statystyki odpowiedzi
sezon mistrz % Poprawnych
2017/2018 AEK
93%
2018/2019 PAOK
85%
2010/2011 Olympiacos
60%
2011/2012 Olympiacos
60%
2012/2013 Olympiacos
60%
2013/2014 Olympiacos
60%
2014/2015 Olympiacos
60%
2015/2016 Olympiacos
60%
2016/2017 Olympiacos
60%
2019/2020 Olympiacos
60%
Nie znaleziono quizów pasujących do podanych kryteriów
Rozkład punktacji
Procent ludzi z każdym wynikiem
Percentyl według liczby udzielonych odpowiedzi
Twoja historia wyników
Nie rozwiązałeś tego quizu